La Fuerza de la corriente . Gestión de cuencas hidrográficas con equidad de género /
Uloženo v:
| Hlavní autor: | |
|---|---|
| Další autoři: | |
| Médium: | Text |
| Vydáno: |
San José:
UICN
|
| Témata: | |
| Tagy: |
Přidat tag
Žádné tagy, Buďte první, kdo vytvoří štítek k tomuto záznamu!
|
MARC
| LEADER | 00000 a a2200000 04500 | ||
|---|---|---|---|
| 001 | 28993 | ||
| 003 | |||
| 040 | |a CRAI/IIS |c CRAI/IIS | ||
| 020 | |a 9968-786-26-8 | ||
| 090 | |a 193300 | ||
| 100 | |a Siles Calvo, Jackeline | ||
| 245 | |a La Fuerza de la corriente . Gestión de cuencas hidrográficas con equidad de género / |c Jackeline Siles Calvo | ||
| 260 | |a San José: |b UICN | ||
| 300 | |a 265 p. | ||
| 300 | |b il. |b |b gráficas | ||
| 650 | |a RECURSOS HIDRICOS | ||
| 650 | |a GESTION AMBIENTAL | ||
| 650 | |a UTILIZACION DEL AGUA | ||
| 650 | |a ANALISIS DE GENERO | ||
| 650 | |a METODOLOGIA | ||
| 650 | |a PROTECCION AMBIENTAL | ||
| 650 | |a IGUALDAD DE GENERO | ||
| 700 | |a Siles Calvo, Jackeline | ||
| 700 | |a Almán, Estela C | ||
| 999 | |c 17704 |d 17704 | ||



